|
|
|
|
| LEADER |
00000naa2a2200000 4500 |
| 001 |
603634 |
| 005 |
20260204105858.0 |
| 035 |
|
|
|a (RuTPU)RU\TPU\conf\830
|
| 035 |
|
|
|a RU\TPU\conf\828
|
| 090 |
|
|
|a 603634
|
| 100 |
|
|
|a 20140129d2013 k y0rusy50 ca
|
| 101 |
0 |
|
|a rus
|
| 102 |
|
|
|a RU
|
| 135 |
|
|
|a drnn ---uucaa
|
| 181 |
|
0 |
|a i
|
| 182 |
|
0 |
|a b
|
| 200 |
1 |
|
|a Структуризация в компьютерных сетях на моделях взвешенных обыкновенных графов
|f А. В. Погребной
|g науч. рук. В. К. Погребной
|
| 203 |
|
|
|a Текст
|c электронный
|
| 225 |
1 |
|
|a Микропроцессорные системы, компьютерные сети и телекоммуникации
|
| 300 |
|
|
|a Заглавие с титульного экрана
|
| 320 |
|
|
|a [Библиогр.: с. 34-35 (3 назв.)]
|
| 337 |
|
|
|a Adobe Reader
|
| 463 |
|
1 |
|0 (RuTPU)RU\TPU\conf\515
|t Молодежь и современные информационные технологии
|o сборник трудов XI Международной научно-практической конференции студентов, аспирантов и молодых ученых, г. Томск, 13-16 ноября 2013 г.
|f Национальный исследовательский Томский политехнический университет (ТПУ) ; под ред. Е. А. Сикоры и др.
|v [С. 33-35]
|d 2013
|
| 610 |
1 |
|
|a труды учёных ТПУ
|
| 610 |
1 |
|
|a электронный ресурс
|
| 610 |
1 |
|
|a структуризация
|
| 610 |
1 |
|
|a компьютерные сети
|
| 610 |
1 |
|
|a взвешенные графы
|
| 610 |
1 |
|
|a обыкновенные графы
|
| 610 |
1 |
|
|a архитектура
|
| 700 |
|
1 |
|a Погребной
|b А. В.
|c специалист в области информатики и вычислительной техники
|c доцент Томского политехнического университета, кандидат технических наук
|f 1973-
|g Александр Владимирович
|3 (RuTPU)RU\TPU\pers\25547
|9 11477
|
| 702 |
|
1 |
|a Погребной
|b В. К.
|c специалист в области информатики и вычислительной техники
|c профессор Томского политехнического университета, доктор технических наук
|f 1942-
|g Владимир Кириллович
|4 727
|
| 712 |
0 |
2 |
|a Национальный исследовательский Томский политехнический университет (ТПУ)
|b Институт кибернетики (ИК)
|b Кафедра информатики и проектирования систем (ИПС)
|3 (RuTPU)RU\TPU\col\18697
|
| 801 |
|
2 |
|a RU
|b 63413507
|c 20220328
|g RCR
|
| 856 |
4 |
|
|u http://earchive.tpu.ru/handle/11683/70425
|
| 856 |
4 |
|
|u http://www.lib.tpu.ru/fulltext/c/2013/C04/009.pdf
|
| 942 |
|
|
|c CF
|